Estatísticas para É óbvio! #1

Clique aqui para jogar o quiz

Estatísticas Gerais

  • Esse quiz foi jogado 372 vezes
    (335 desde o último reset)
  • A pontuação média é 4 de 10

Estatísticas das Respostas

Dica óbviaResposta óbvia% Correto
Oposto de brancoPreto
61%
Quem está morto não
está...
Vivo
61%
O que se fala no final das
orações
Amém
60%
A grande estrela do nosso
sistema
Sol
57%
"Gato" em inglêsCat
56%
20 + 2040
54%
O que é esse emoji:❤️Coração
53%
O mês que começa com MMaio ou Março
51%
Se 1=Z então Z é igual a...1
49%
O objeto que se abre a
fechadura
Chave
49%
"Go" em portuguêsIr, vai ou vamos
49%
"Hoje" ao contrárioEjoh
46%
As três primeiras letras do
teclado
QWE
45%
Sobrenome do CaetanoVeloso
44%
Onde fica o cérebro (osso)Crânio
42%
Vem depois de segunda,
terça, quarta, quinta e sexta
Feira, Sábado ou
Fim de Semana
42%
Com que parte você vêOlho
42%
"Vento" sem suas vogaisVnt
40%
Vem depois do sinô ou antôNimo
37%
O Brasil é um delesPaís
37%
O que combina com caldo de
cana
Pastel
37%
A letra mais tortaS
36%
Você está na Via...Láctea
34%
O "N" em OVNINão
34%
Gato rima com esse animalPato ou rato
34%
Sigla para entre outrosEtc
33%
A cantora Taylor S...Wift
26%
Ame o poema é um palín...Dromo
18%
A árvore da manga é a mang...Ueira
18%
Material da lua que faz
sonhar
Cristal
4%

Distribuição das Pontuações

Percentil de Números Respondidos

Porcentagem de Pessoas com Cada Pontuação

Sua Pontuação Histórica

Você não jogou esse quiz desde o último reset